[Event "Championnat de France - Accession"]
[Site "PAU"]
[Date "2012.08.19"]
[Round "6.6"]
[White "Midoux, Sebastien"]
[Black "Bailet, Pierre"]
[Result "0-1"]
[WhiteElo "2324"]
[BlackElo "2423"]
[PlyCount "126"]

1. e4 c5 2. Nf3 Nc6 3. Bb5 d6 4. d4 cxd4 5. Qxd4 Bd7 6. Bxc6 Bxc6 7. Nc3 h6 8.
O-O Nf6 9. Qd3 e5 10. Re1 Be7 11. Nd2 O-O 12. Nf1 Nd7 13. Nd5 Bg5 14. Bxg5 Qxg5
15. Rad1 Nc5 16. Qd2 Qh4 17. f3 f5 18. exf5 Rxf5 19. Ng3 Rf7 20. Ne4 Nxe4 21.
Rxe4 Qd8 22. Kh1 Rc8 23. c4 b5 24. b3 bxc4 25. Rxc4 Bb7 26. Qc3 Rxc4 27. Qxc4
Kh8 28. Qb4 Qc8 29. Qd2 Qe6 30. Kg1 e4 31. fxe4 Qxe4 32. Nc3 Qc6 33. Re1 Rf5
34. Re2 Rc5 35. Re3 Rg5 36. Re2 Qc5+ 37. Kh1 Rf5 38. Re1 Bc6 39. Nd1 Rd5 40.
Qf4 Rf5 41. Qc4 Qxc4 42. bxc4 Rf4 43. Ne3 Rf2 44. Kg1 Rxa2 45. Rd1 Re2 46. Rxd6
Be4 47. Rd4 Bg6 48. Nd1 a5 49. Kf1 Rc2 50. Ne3 Rc3 51. Ke2 a4 52. Rd8+ Kh7 53.
Ra8 a3 54. Ra4 Bb1 55. Nd1 Rc2+ 56. Ke3 a2 57. g3 Rxc4 58. Ra3 Rc1 59. Kd2 Rc2+
60. Kd3 Rxh2+ 61. Ke3 Rg2 62. Kf3 Rg1 63. Nc3 Be4+ 0-1

[Event "Championnat de France - Accession"]
[Site "PAU"]
[Date "2012.08.19"]
[Round "6.7"]
[White "Ider, Borya"]
[Black "Carre, Sylvain"]
[Result "1-0"]
[WhiteElo "2407"]
[BlackElo "2150"]
[PlyCount "65"]

1. d4 d5 2. Nf3 Nf6 3. c4 c6 4. e3 e6 5. b3 Nbd7 6. Bd3 Bd6 7. Bb2 O-O 8. Nbd2
a5 9. O-O Qe7 10. e4 dxe4 11. Nxe4 Nxe4 12. Bxe4 Nf6 13. Bc2 Ba3 14. Bxa3 Qxa3
15. Qe2 c5 16. Rad1 b6 17. Ng5 Bb7 18. Qd3 Rfd8 19. Nxh7 Rxd4 20. Nxf6+ gxf6
21. Qg3+ Kh8 22. Rxd4 cxd4 23. Qc7 Bxg2 24. Qxf7 f5 25. Qf6+ Kh7 26. Qh4+ Kg7
27. Kxg2 Rg8 28. Qxd4+ Kf7+ 29. Kh1 Qe7 30. Qe3 b5 31. cxb5 Qb7+ 32. f3 Qxb5
33. Re1 1-0

[Event "Championnat de France - Accession"]
[Site "PAU"]
[Date "2012.08.19"]
[Round "6.8"]
[White "Di Nicolantonio, Lucas"]
[Black "Colin, Vincent"]
[Result "1-0"]
[WhiteElo "2319"]
[BlackElo "2391"]
[PlyCount "85"]

1. d4 Nf6 2. Bg5 d5 3. Bxf6 gxf6 4. c4 c5 5. cxd5 Qxd5 6. Nf3 cxd4 7. Nc3 Qd6
8. Nxd4 a6 9. g3 Nc6 10. Nb3 e6 11. Bg2 Bd7 12. O-O Qe5 13. Rc1 Rd8 14. a3 h5
15. Qc2 h4 16. Qe4 hxg3 17. hxg3 Qh5 18. Rfd1 f5 19. Qf3 Qh2+ 20. Kf1 Rg8 21.
Na4 Bh6 22. Rc3 f4 23. Nb6 Ne5 24. Qxb7 fxg3 25. Nxd7 Nxd7 26. Rc8 Ke7 27. Rc7
gxf2 28. Rcxd7+ Kf6 29. Qf3+ Bf4 30. Qxf2 Rxd7 31. Rxd7 Rg5 32. e3 Rf5 33. exf4
Rxf4 34. Bf3 Qh3+ 35. Ke2 e5 36. Nc5 Qf5 37. Ne4+ Kg7 38. Qg2+ Kf8 39. Rd8+ Ke7
40. Rd2 Rh4 41. Nd6 Qf4 42. Nc8+ Kf6 43. Rd6+ 1-0

[Event "Championnat de France - Accession"]
[Site "PAU"]
[Date "2012.08.19"]
[Round "6.9"]
[White "Loiseau, Quentin"]
[Black "Dionisi, Thomas"]
[Result "1-0"]
[WhiteElo "2361"]
[BlackElo "2272"]
[PlyCount "69"]

1. d4 f5 2. g3 Nf6 3. Bg2 g6 4. c4 Bg7 5. Nc3 O-O 6. Nh3 d6 7. d5 Na6 8. Be3
Ng4 9. Bd4 Ne5 10. b3 Bd7 11. O-O c5 12. dxc6 bxc6 13. Rc1 Qc7 14. a3 Nc5 15.
Nf4 Rab8 16. b4 Ne6 17. Ncd5 Qd8 18. Bxa7 cxd5 19. Bxd5 Rf6 20. Bxb8 Qxb8 21.
c5 Qc7 22. Qb3 Kf7 23. c6 Bc8 24. b5 Qb6 25. Nxe6 Rxe6 26. c7 Kf6 27. Bxe6 Bxe6
28. Qxe6+ Kxe6 29. c8=Q+ Kf7 30. a4 Qd4 31. Qc2 Qg4 32. Qa2+ Kf6 33. b6 f4 34.
Rc4 g5 35. Re4 1-0

[Event "Championnat de France - Accession"]
[Site "PAU"]
[Date "2012.08.19"]
[Round "6.10"]
[White "Favarel, Antoine"]
[Black "Buscara, Sevan"]
[Result "1-0"]
[WhiteElo "2283"]
[BlackElo "2359"]
[Annotator "Rivier,Sylvain"]
[PlyCount "37"]

1. d4 Nf6 2. c4 e6 3. g3 d5 4. Nf3 Bb4+ 5. Bd2 Be7 6. Bg2 O-O 7. O-O c6 8. Qc2
Nbd7 9. Bf4 Nh5 10. Bc1 Nhf6 11. Bf4 a5 12. Rd1 Nh5 13. Bc1 Nhf6 14. Nbd2 b6
15. e4 Ba6 16. b3 Rc8 17. Bb2 Bb7 18. Rac1 {suite illisible} dxc4 19. Qb1 1-0

[Event "Championnat de France - Accession"]
[Site "PAU"]
[Date "2012.08.21"]
[Round "7.1"]
[White "Le Roux, Jean-Pierre"]
[Black "Ider, Borya"]
[Result "1/2-1/2"]
[WhiteElo "2558"]
[BlackElo "2407"]
[PlyCount "129"]

1. e4 e6 2. d4 d5 3. Nd2 h6 4. Ngf3 Nf6 5. e5 Nfd7 6. c4 Be7 7. Bd3 O-O 8. O-O
c5 9. Bb1 cxd4 10. cxd5 exd5 11. Nb3 Nc6 12. Re1 Bb4 13. Re2 Re8 14. a3 Be7 15.
Nbxd4 Nf8 16. h3 Bc5 17. Nxc6 bxc6 18. Rc2 Qe7 19. b4 Bb6 20. Bb2 Bb7 21. a4 a5
22. bxa5 Bxa5 23. Ba3 Bb4 24. Bxb4 Qxb4 25. Qc1 d4 26. Rb2 Qe7 27. Nxd4 Qxe5
28. Rxb7 Qxd4 29. Ba2 Ne6 30. Bc4 Reb8 31. Rxb8+ Rxb8 32. Bxe6 fxe6 33. Qe1 Kh8
34. a5 c5 35. Rd1 Qa4 36. Rd6 Qb4 37. Qe5 Re8 38. a6 Qb1+ 39. Kh2 Qf5 40. Qe3
c4 41. Rc6 Qd5 42. Qb6 Qe5+ 43. g3 Qe2 44. Qc5 Kh7 45. a7 Rd8 46. Ra6 Rc8 47.
Qb6 Qf3 48. Ra2 c3 49. Qb1+ g6 50. Rc2 h5 51. Qb4 Qa8 52. Qb6 Rc6 53. Qb8 Rc8
54. Qb6 Rc6 55. Qb5 Rc7 56. Qb8 Qxa7 57. Qxa7 Rxa7 58. Rxc3 Kg7 59. Kg2 Kf6 60.
Kf3 Ra4 61. h4 Rb4 62. Ra3 Rc4 63. Rb3 Ra4 64. Rc3 Rb4 65. Ra3 1/2-1/2

[Event "Championnat de France - Accession"]
[Site "PAU"]
[Date "2012.08.21"]
[Round "7.2"]
[White "Battaglini, Gabriel"]
[Black "Libiszewski, Fabien"]
[Result "1-0"]
[WhiteElo "2398"]
[BlackElo "2488"]
[PlyCount "103"]

1. d4 Nf6 2. c4 g6 3. Nc3 Bg7 4. e4 d6 5. f3 O-O 6. Be3 Nc6 7. Qd2 a6 8. Nge2
Rb8 9. Bh6 b5 10. h4 bxc4 11. O-O-O Nb4 12. Ng3 c5 13. Bxg7 Kxg7 14. dxc5 Be6
15. cxd6 exd6 16. h5 Qa5 17. hxg6 fxg6 18. e5 dxe5 19. Qh6+ Kh8 20. a3 Nd3+ 21.
Bxd3 cxd3 22. Rxd3 Qb6 23. Rd2 Rf7 24. Nge4 Nxe4 25. fxe4 Rc7 26. Kb1 Bg8 27.
Qg5 Re8 28. Rh3 Bc4 29. Rf3 Rb7 30. Rf6 Qg1+ 31. Rd1 Qc5 32. Ka1 Bf7 33. Rxa6
Qc4 34. Qf6+ Kg8 35. Rb6 Ra7 36. Rc6 Qb3 37. Rd8 Ra8 38. Rxa8 Rxa8 39. Qxe5 Rb8
40. Nd5 Qd1+ 41. Ka2 Re8 42. Qc3 h5 43. Rc8 Bxd5+ 44. exd5 Qxd5+ 45. Qc4 Qxc4+
46. Rxc4 Re2 47. a4 Rxg2 48. a5 Rg5 49. Ra4 Rb5 50. a6 Rb8 51. a7 Ra8 52. b4
1-0

[Event "Championnat de France - Accession"]
[Site "PAU"]
[Date "2012.08.21"]
[Round "7.3"]
[White "Apicella, Manuel"]
[Black "Loiseau, Quentin"]
[Result "1-0"]
[WhiteElo "2540"]
[BlackElo "2361"]
[PlyCount "65"]

1. c4 Nf6 2. Nf3 c6 3. g3 d5 4. b3 Bf5 5. Bg2 h6 6. O-O e6 7. Bb2 Be7 8. d3 O-O
9. Nbd2 a5 10. a3 Bh7 11. Qc2 b5 12. Ne5 Qb6 13. cxd5 cxd5 14. Rfc1 Na6 15. Qc6
Qb8 16. Ndf3 Bd6 17. Qc3 Rc8 18. Qd4 Bc5 19. Qh4 Qb7 20. g4 Nd7 21. g5 Nxe5 22.
Bxe5 Qe7 23. b4 axb4 24. axb4 Nxb4 25. Rxa8 Rxa8 26. d4 Bb6 27. g6 Qxh4 28.
gxh7+ Kxh7 29. Nxh4 Ra2 30. Bf1 Nc2 31. e3 Na3 32. Bd3+ f5 33. Rc6 1-0

[Event "Championnat de France - Accession"]
[Site "PAU"]
[Date "2012.08.21"]
[Round "7.4"]
[White "Gozzoli, Yannick"]
[Black "Di Nicolantonio, Lucas"]
[Result "1-0"]
[WhiteElo "2534"]
[BlackElo "2319"]
[PlyCount "47"]

1. d4 d5 2. c4 c6 3. Nf3 Nf6 4. Nc3 e6 5. Bg5 h6 6. Bh4 dxc4 7. e4 g5 8. Bg3 b5
9. Be2 Bb7 10. e5 Nd5 11. O-O Nd7 12. a4 a6 13. Nxd5 cxd5 14. Ne1 Be7 15. f4
gxf4 16. Bxf4 Bg5 17. Bh5 Rh7 18. Qg4 Nf8 19. Nc2 Bxf4 20. Qxf4 Qg5 21. Bxf7+
Ke7 22. Qf3 Nd7 23. Qa3+ Kd8 24. Bxe6 1-0

[Event "Championnat de France - Accession"]
[Site "PAU"]
[Date "2012.08.21"]
[Round "7.5"]
[White "Bailet, Pierre"]
[Black "Favarel, Antoine"]
[Result "1/2-1/2"]
[WhiteElo "2423"]
[BlackElo "2283"]
[PlyCount "117"]

1. e4 c5 2. Nf3 Nc6 3. d4 cxd4 4. Nxd4 g6 5. c4 Bg7 6. Be3 Nf6 7. Nc3 d6 8. Be2
O-O 9. O-O Bd7 10. Rc1 Nxd4 11. Bxd4 Bc6 12. f3 a5 13. Qd2 Nd7 14. Be3 Nc5 15.
b3 Be5 16. Bd3 e6 17. Bb1 Qe7 18. Bh6 Rfd8 19. f4 Bh8 20. f5 exf5 21. exf5 Re8
22. Rcd1 Qh4 23. Nd5 Bxd5 24. Qxd5 Be5 25. g3 Qxh6 26. fxg6 hxg6 27. Rxf7 Kh8
28. Rdf1 Rf8 29. Bxg6 Rxf7 30. Qxf7 Rg8 31. Rf6 Ne4 32. Qxg8+ Kxg8 33. Bf7+ Kg7
34. Rxh6 Kxh6 35. Bd5 Nc5 36. Kf2 b6 37. Kf3 Nd3 38. Be4 Nb4 39. Bb1 Kg5 40.
Ke4 Bb2 41. Kf3 Bc1 42. Kg2 Nc6 43. h4+ Kg4 44. Bc2 Nd4 45. Be4 Ba3 46. Bb7 b5
47. Bc8+ Kh5 48. Kh3 b4 49. g4+ Kg6 50. g5 Nf3 51. Bb7 Nxg5+ 52. hxg5 Kxg5 53.
Kg3 Kf5 54. Kf3 Ke5 55. Ke3 Bc1+ 56. Kd3 Ba3 57. Ke3 Bc1+ 58. Kd3 Ba3 59. Ke3
1/2-1/2

[Event "Championnat de France - Accession"]
[Site "PAU"]
[Date "2012.08.21"]
[Round "7.6"]
[White "Saada, Julien"]
[Black "Prie, Eric"]
[Result "0-1"]
[WhiteElo "2325"]
[BlackElo "2516"]
[PlyCount "88"]

1. d4 Nf6 2. c3 d6 3. Bg5 Nbd7 4. Nd2 h6 5. Bh4 e5 6. e4 Be7 7. Bd3 d5 8. Ne2
exd4 9. Bxf6 Bxf6 10. exd5 dxc3 11. Nxc3 O-O 12. O-O Nb6 13. Nde4 Be5 14. Bc2
Re8 15. f4 Bxc3 16. Nxc3 Qd6 17. Qd4 Bd7 18. Rad1 a5 19. Qd3 f5 20. Kh1 Re7 21.
Nb5 Bxb5 22. Qxb5 g6 23. Rfe1 Rxe1+ 24. Rxe1 Kf7 25. Re5 Qb4 26. Qxb4 axb4 27.
Bb3 Kf8 28. Re6 Re8 29. Rxe8+ Kxe8 30. h3 Ke7 31. g4 fxg4 32. hxg4 Kd6 33. Kg2
Nxd5 34. Kf3 c5 35. Bc2 g5 36. fxg5 hxg5 37. Ke4 b5 38. Bd3 c4 39. Bb1 c3 40.
b3 Nb6 41. Kd4 Nd5 42. Ke4 Nf4 43. Kd4 Ng2 44. a3 Ne1 0-1

[Event "Championnat de France - Accession"]
[Site "PAU"]
[Date "2012.08.21"]
[Round "7.7"]
[White "Bricard, Emmanuel"]
[Black "Bujisho, Benjamin"]
[Result "1-0"]
[WhiteElo "2489"]
[BlackElo "2390"]
[PlyCount "135"]

1. f4 Nf6 2. Nf3 g6 3. d3 d5 4. g3 Bg7 5. Bg2 O-O 6. O-O c5 7. c3 Nc6 8. Na3
Ne8 9. e4 Nc7 10. e5 f5 11. Be3 b6 12. Bf2 e6 13. Nc2 a5 14. a4 Rb8 15. Qd2 Qe7
16. Rfb1 Bd7 17. b4 Rfc8 18. b5 Nd8 19. c4 Nf7 20. cxd5 exd5 21. d4 c4 22. Ne3
Be6 23. Kh1 Qd7 24. Ng1 Rd8 25. Ne2 Bf8 26. Qc2 h5 27. Bf3 Nh6 28. h3 Qh7 29.
Rg1 Ng4 30. Rg2 Nxe3 31. Bxe3 Kf7 32. Bc1 Ke7 33. Ba3+ Kd7 34. Bxf8 Rxf8 35.
Rh2 Rh8 36. Qb2 Ra8 37. Qa3 Qe7 38. Qxe7+ Kxe7 39. Kg2 Bf7 40. Kf2 Be6 41. Rg1
Rh6 42. Rhg2 Rah8 43. Nc3 Kf7 44. Nd1 Rg8 45. Ne3 g5 46. fxg5 Rxg5 47. h4 Rg8
48. Nd1 Rd8 49. Nc3 Ne8 50. Ne2 Ng7 51. Nf4 Ke7 52. Ke3 Rd7 53. Rf2 Rd8 54.
Rgf1 Bf7 55. Kd2 Rg6 56. Nxg6+ Bxg6 57. Bg2 Bh7 58. Bh3 Rg8 59. Kc3 Ke6 60. Rf3
Ke7 61. e6 Nxe6 62. Re1 Kd6 63. Rfe3 Nc7 64. Rf1 Rf8 65. Ref3 Rg8 66. Bxf5 Bxf5
67. Rxf5 Rxg3+ 68. R1f3 1-0

[Event "Championnat de France - Accession"]
[Site "PAU"]
[Date "2012.08.21"]
[Round "7.8"]
[White "Wirig, Anthony"]
[Black "Favarel, Julien"]
[Result "1-0"]
[WhiteElo "2450"]
[BlackElo "2270"]
[PlyCount "65"]

1. d4 Nf6 2. Bg5 d5 3. Bxf6 exf6 4. e3 Be6 5. Nd2 c5 6. dxc5 Bxc5 7. c3 Nc6 8.
Ngf3 O-O 9. Be2 f5 10. g3 Bb6 11. Nb3 Kh8 12. h4 Rc8 13. Rc1 Qf6 14. Rc2 Rfe8
15. Rd2 h6 16. h5 f4 17. gxf4 Bg4 18. Nfd4 Nxd4 19. Nxd4 Bxe2 20. Nxe2 Bxe3 21.
fxe3 Rxe3 22. Rd3 Re7 23. Kd2 Rce8 24. Nd4 Qxf4+ 25. Kc2 b5 26. Kb1 a6 27. a3
Qf2 28. Rd2 Qf6 29. Ka2 Re4 30. Rf1 Qe7 31. Qf3 Rf8 32. Rg2 Re3 33. Qg4 1-0

[Event "Championnat de France - Accession"]
[Site "PAU"]
[Date "2012.08.21"]
[Round "7.9"]
[White "Crut, Aurelien"]
[Black "Lazarev, Vladimir"]
[Result "1-0"]
[WhiteElo "2336"]
[BlackElo "2442"]
[PlyCount "103"]

1. e4 c5 2. Nf3 Nc6 3. Bb5 e6 4. O-O Nge7 5. c3 d6 6. Be2 d5 7. exd5 Nxd5 8. d4
cxd4 9. Nxd4 Bd6 10. Nxc6 bxc6 11. c4 Ne7 12. Nc3 Qc7 13. g3 O-O 14. Qc2 Nf5
15. Bd3 h6 16. Ne2 c5 17. Bxf5 exf5 18. Bf4 Bb7 19. Qxf5 Rae8 20. Bxd6 Qxd6 21.
Nf4 Be4 22. Qg4 Qd4 23. b3 Bc6 24. Qd1 Qe4 25. Nd5 Bxd5 26. Qxd5 Qxd5 27. cxd5
Re5 28. Rfd1 Rd8 29. d6 Kf8 30. Rd2 Ke8 31. f4 Rf5 32. Rad1 Kd7 33. Kg2 Rc8 34.
Kf3 c4 35. bxc4 Rxc4 36. Re1 Rc3+ 37. Kg4 Rcc5 38. Re7+ Kd8 39. d7 h5+ 40. Kh4
Rfd5 41. Rxd5 Rxd5 42. Rxf7 Rd2 43. Kxh5 Rxh2+ 44. Kg5 Rxa2 45. Rxg7 a5 46. f5
Rd2 47. f6 Rd5+ 48. Kg6 Rd3 49. g4 Rd6 50. g5 a4 51. Rg8+ Kxd7 52. Ra8 1-0

[Event "Championnat de France - Accession"]
[Site "PAU"]
[Date "2012.08.21"]
[Round "7.10"]
[White "Kambrath, Yannick"]
[Black "Collas, Didier"]
[Result "1/2-1/2"]
[WhiteElo "2246"]
[BlackElo "2423"]
[PlyCount "42"]

1. d4 d5 2. c4 e6 3. Nc3 c6 4. e4 Bb4 5. cxd5 exd5 6. e5 c5 7. a3 Ba5 8. Bd2
cxd4 9. Nb5 Bc7 10. Nf3 Nc6 11. Nxc7+ Qxc7 12. Bb5 Nge7 13. O-O O-O 14. Rc1 Qb6
15. Bd3 Qxb2 16. Rb1 Qxa3 17. Rb3 Qa2 18. Bb1 Qa6 19. Bd3 Qa2 20. Bb1 Qa6 21.
Bd3 Qa2 1/2-1/2

[Event "Championnat de France - Accession"]
[Site "PAU"]
[Date "2012.08.22"]
[Round "8.1"]
[White "Le Roux, Jean-Pierre"]
[Black "Gozzoli, Yannick"]
[Result "0-1"]
[WhiteElo "2558"]
[BlackElo "2534"]
[PlyCount "60"]

1. c4 Nf6 2. Nc3 e5 3. Nf3 Nc6 4. g3 Bc5 5. Bg2 d6 6. O-O O-O 7. d3 h6 8. Na4
Re8 9. Nxc5 dxc5 10. Be3 Qd6 11. Nd2 Bf5 12. Rc1 Rad8 13. f3 Nd4 14. Re1 b6 15.
Bf2 Bc8 16. Nb1 Bb7 17. Nc3 a6 18. a3 Nh7 19. Rf1 f5 20. Rb1 Nf6 21. b4 e4 22.
fxe4 fxe4 23. dxe4 Bxe4 24. Nxe4 Nxe4 25. Bxe4 Rxe4 26. e3 Ne6 27. Qh5 Re5 28.
Qg4 Rf8 29. Rbd1 Qc6 30. bxc5 Rxc5 0-1

[Event "Championnat de France - Accession"]
[Site "PAU"]
[Date "2012.08.22"]
[Round "8.2"]
[White "Apicella, Manuel"]
[Black "Battaglini, Gabriel"]
[Result "0-1"]
[WhiteElo "2540"]
[BlackElo "2398"]
[PlyCount "76"]

1. c4 c6 2. Nf3 d5 3. b3 Bg4 4. Bb2 Nd7 5. d3 Bxf3 6. gxf3 e5 7. Bh3 Ngf6 8.
Rg1 g6 9. f4 exf4 10. cxd5 Bg7 11. dxc6 bxc6 12. Nd2 O-O 13. Rc1 Re8 14. Kf1
Nd5 15. Bxg7 Kxg7 16. Nf3 Ne5 17. Nxe5 Rxe5 18. Bg2 Qd6 19. Bf3 Ne7 20. Rc4 Rd8
21. Qc1 c5 22. Qxf4 Nf5 23. Re4 Rde8 24. Rxe5 Rxe5 25. Bg4 Nd4 26. e3 f5 27.
Be2 Ne6 28. Qg3 f4 29. exf4 Rd5 30. f5 Nf4 31. fxg6 hxg6 32. Qf3 Qf6 33. Rg4
Qa1+ 34. Bd1 Nxd3 35. Rg1 Nf4 36. Ke1 Qc1 37. Rxg6+ Kxg6 38. Qg4+ Kf7 0-1

[Event "Championnat de France - Accession"]
[Site "PAU"]
[Date "2012.08.22"]
[Round "8.3"]
[White "Prie, Eric"]
[Black "Bailet, Pierre"]
[Result "1-0"]
[WhiteElo "2516"]
[BlackElo "2423"]
[PlyCount "59"]

1. d4 Nf6 2. Bf4 g6 3. e3 Bg7 4. Nf3 d6 5. Be2 O-O 6. O-O Nbd7 7. h3 b6 8. a4
a5 9. Nc3 Bb7 10. Qd3 Re8 11. Rad1 Qc8 12. Bg3 e5 13. dxe5 dxe5 14. Qc4 Ba6 15.
Qa2 Bxe2 16. Nxe2 Ne4 17. Nd2 Ndc5 18. Nxe4 Nxe4 19. Qc4 Nxg3 20. fxg3 Re6 21.
Nc3 e4 22. Nd5 Be5 23. Qxe4 Qe8 24. Qc4 Rc8 25. Rf3 Rd8 26. Rdf1 Rd7 27. b3 Kg7
28. g4 Red6 29. Nxc7 Qe7 30. Rxf7+ 1-0

[Event "Championnat de France - Accession"]
[Site "PAU"]
[Date "2012.08.22"]
[Round "8.4"]
[White "Favarel, Antoine"]
[Black "Bricard, Emmanuel"]
[Result "1/2-1/2"]
[WhiteElo "2283"]
[BlackElo "2489"]
[PlyCount "64"]

1. d4 f5 2. g3 Nf6 3. Bg2 e6 4. Nf3 Be7 5. c4 O-O 6. O-O d5 7. Nbd2 c6 8. Ne5
b6 9. Ndf3 Ne4 10. Qc2 Bb7 11. Nd3 Na6 12. Nfe5 Rc8 13. f3 c5 14. cxd5 cxd4 15.
Nc6 Bxc6 16. dxc6 Nec5 17. f4 Qd6 18. a3 Nxd3 19. exd3 Nb8 20. Bd2 Nxc6 21.
Rac1 Na5 22. Qxc8 Rxc8 23. Rxc8+ Bd8 24. Bxa5 bxa5 25. Rc6 Qe7 26. Re1 Kf7 27.
Rexe6 Qxe6 28. Rxe6 Kxe6 29. a4 Be7 30. Bb7 Bb4 31. Bg2 Be7 32. Bb7 Bb4 1/2-1/2

[Event "Championnat de France - Accession"]
[Site "PAU"]
[Date "2012.08.22"]
[Round "8.5"]
[White "Libiszewski, Fabien"]
[Black "Wirig, Anthony"]
[Result "1/2-1/2"]
[WhiteElo "2488"]
[BlackElo "2450"]
[PlyCount "107"]

1. e4 c5 2. Nf3 d6 3. Bc4 Nf6 4. d3 Nc6 5. c3 e6 6. Bb3 Be7 7. Nbd2 b5 8. O-O
O-O 9. Re1 b4 10. d4 bxc3 11. bxc3 d5 12. e5 Nd7 13. Bc2 Ba6 14. Nb3 Rc8 15.
Bf4 cxd4 16. Nfxd4 Nxd4 17. cxd4 g6 18. Bh6 Re8 19. Nd2 Bf8 20. Bxf8 Rxf8 21.
Nf3 Qa5 22. h4 Rc3 23. Qd2 Rfc8 24. Bb3 Qd8 25. h5 gxh5 26. Re3 Rxe3 27. Qxe3
Nf8 28. g3 Qc7 29. Qg5+ Ng6 30. Qxh5 Be2 31. Re1 Bxf3 32. Qxf3 Qc3 33. Qd1 a5
34. Kg2 a4 35. Bxa4 Rc4 36. Re3 Qb4 37. Bc2 Rxd4 38. Qf3 Qe7 39. Bxg6 hxg6 40.
Ra3 Kg7 41. Ra8 Re4 42. Qb3 Qb4 43. Qxb4 Rxb4 44. f4 g5 45. Kf3 gxf4 46. gxf4
f6 47. exf6+ Kxf6 48. a4 e5 49. fxe5+ Kxe5 50. Ke3 Kd6 51. Rd8+ Kc7 52. Rxd5
Rxa4 53. Rd4 Rxd4 54. Kxd4 1/2-1/2

[Event "Championnat de France - Accession"]
[Site "PAU"]
[Date "2012.08.22"]
[Round "8.6"]
[White "Ider, Borya"]
[Black "Crut, Aurelien"]
[Result "1/2-1/2"]
[WhiteElo "2407"]
[BlackElo "2336"]
[PlyCount "90"]
[EventDate "2012.??.??"]

1. d4 d5 2. Nf3 Nf6 3. c4 e6 4. g3 Bb4+ 5. Bd2 Be7 6. Bg2 O-O 7. O-O c6 8. Qb3
Nbd7 9. Bb4 b6 10. Bxe7 Qxe7 11. Nc3 Bb7 12. cxd5 cxd5 13. a4 a5 14. Nb5 Nb8
15. Rac1 Nc6 16. Rc2 Rfc8 17. Rfc1 Ne8 18. Qe3 Nb4 19. Rxc8 Rxc8 20. Rxc8 Bxc8
21. Qf4 Nc6 22. Ne5 Nxe5 23. Qxe5 Kf8 24. e4 Bb7 25. exd5 exd5 26. Qb8 Qd7 27.
Bh3 Qxh3 28. Qxb7 Qe6 29. Nc3 Nf6 30. Qb8+ Ke7 31. Qc7+ Ke8 32. Qe5 g6 33. Qb8+
Ke7 34. Kg2 h5 35. h4 Qc6 36. Qe5+ Qe6 37. Kf3 Qxe5 38. dxe5 Nd7 39. Ke3 Ke6
40. Kd4 Nxe5 41. Nxd5 Nf3+ 42. Kc4 Ne5+ 43. Kd4 Nf3+ 44. Kc4 Ne5+ 45. Kd4 Nf3+
1/2-1/2

[Event "Championnat de France - Accession"]
[Site "PAU"]
[Date "2012.08.22"]
[Round "8.7"]
[White "Manoeuvre, Antoine"]
[Black "Colin, Vincent"]
[Result "1/2-1/2"]
[WhiteElo "2246"]
[BlackElo "2391"]
[PlyCount "37"]

1. d4 g6 2. c4 Bg7 3. Nf3 d6 4. Nc3 Nf6 5. e4 O-O 6. Be2 Na6 7. O-O e5 8. Be3
h6 9. dxe5 Ng4 10. Bd2 Nxe5 11. Nxe5 dxe5 12. Qc1 Qh4 13. g3 Qh3 14. Rd1 c6 15.
Bf1 Qh5 16. Be2 Qh3 17. Bf1 Qh5 18. Be2 Qh3 19. Bf1 1/2-1/2

[Event "Championnat de France - Accession"]
[Site "PAU"]
[Date "2012.08.22"]
[Round "8.8"]
[White "Di Nicolantonio, Lucas"]
[Black "Song, Julien"]
[Result "1/2-1/2"]
[WhiteElo "2319"]
[BlackElo "2383"]
[PlyCount "99"]
[EventDate "2012.??.??"]

1. d4 Nf6 2. Nf3 e6 3. c4 Bb4+ 4. Bd2 a5 5. g3 d6 6. Bg2 Nbd7 7. O-O e5 8. a3
Bxd2 9. Qxd2 O-O 10. e3 exd4 11. exd4 Nb6 12. Qc2 a4 13. Nbd2 Bg4 14. Rfe1 Qd7
15. Re3 Rfe8 16. Rae1 Rxe3 17. Rxe3 Re8 18. Qd3 h6 19. Qe2 Rxe3 20. Qxe3 Be6
21. Qe2 c5 22. Qd3 Bf5 23. Qe3 Ng4 24. Qe2 Be6 25. h3 Nf6 26. g4 d5 27. cxd5
Qxd5 28. Qb5 Nbd7 29. Qxa4 c4 30. Qc2 b5 31. Nb1 Qd6 32. Nc3 h5 33. Ne4 Qf4 34.
Nxf6+ Nxf6 35. Qd2 Qe4 36. g5 Nd5 37. Qe1 Qc2 38. Qd2 Qb1+ 39. Kh2 Qf5 40. Qe2
Nf4 41. Qe5 Nd3 42. Qb8+ Kh7 43. g6+ fxg6 44. h4 Bc8 45. Kg1 Nf4 46. Qd6 Qg4
47. Ng5+ Kh6 48. Nf7+ Kh7 49. Ng5+ Kh6 50. Nf7+ 1/2-1/2

[Event "Championnat de France - Accession"]
[Site "PAU"]
[Date "2012.08.22"]
[Round "8.9"]
[White "Loiseau, Quentin"]
[Black "Joie, Sebastien"]
[Result "0-1"]
[WhiteElo "2361"]
[BlackElo "2286"]
[PlyCount "62"]

1. d4 Nf6 2. c4 e6 3. Nf3 Nc6 4. g3 d5 5. Bg2 dxc4 6. O-O Rb8 7. Nc3 b5 8. Ne5
Nxe5 9. dxe5 Nd7 10. Qd4 c5 11. Qf4 Qc7 12. Rd1 Nxe5 13. a4 bxa4 14. Rxa4 f6
15. Rxc4 Be7 16. g4 O-O 17. g5 fxg5 18. Qg3 Bd6 19. Rxd6 Nxc4 20. Rc6 Qxg3 21.
hxg3 Bb7 22. Rxc5 Bxg2 23. Rxc4 Bd5 24. Ra4 Rf7 25. e4 Bb3 26. Ra5 h6 27. Be3
Rbb7 28. Nb5 Rfd7 29. Nd4 Bc4 30. Ra4 Rdc7 31. b4 Rd7 0-1

[Event "Championnat de France - Accession"]
[Site "PAU"]
[Date "2012.08.22"]
[Round "8.10"]
[White "Lazarev, Vladimir"]
[Black "Naudion, Gregoire"]
[Result "0-1"]
[WhiteElo "2442"]
[BlackElo "2175"]
[PlyCount "86"]

1. d4 Nf6 2. c4 g6 3. Nc3 Bg7 4. e4 d6 5. h3 O-O 6. Bg5 c5 7. d5 b5 8. cxb5 a6
9. Qd2 Qa5 10. bxa6 Nbd7 11. Rc1 Bxa6 12. Bxa6 Qxa6 13. Nge2 Rfb8 14. O-O Rb4
15. f3 Ne5 16. b3 c4 17. bxc4 Nxc4 18. Qd3 Nd7 19. Rb1 Nde5 20. Qd1 Nb2 21. Qe1
Nec4 22. Qh4 Qa3 23. Rfc1 Nd3 24. Rxb4 Qxb4 25. Rb1 Qc5+ 26. Kh2 Ncb2 27. Bd2
Bf6 28. Qg4 h5 29. Qg3 h4 30. Qg4 Ne5 31. Qf4 Nbc4 32. Bc1 Nd3 33. Qh6 Nxc1 34.
Rxc1 Qf2 35. Rg1 Ne3 36. Kh1 Rc8 37. f4 Bxc3 38. Nxc3 Rxc3 39. Qg5 Qg3 40. Qxe7
Rc1 41. Qd8+ Kg7 42. Qg5 Rxg1+ 43. Kxg1 Qe1+ 0-1

[Event "Championnat de France - Accession"]
[Site "PAU"]
[Date "2012.08.23"]
[Round "9.1"]
[White "Gozzoli, Yannick"]
[Black "Battaglini, Gabriel"]
[Result "1/2-1/2"]
[WhiteElo "2534"]
[BlackElo "2398"]
[PlyCount "67"]

1. d4 Nf6 2. c4 e6 3. Nf3 c5 4. d5 d6 5. Nc3 exd5 6. cxd5 g6 7. Bf4 Bg7 8. e3
O-O 9. h3 Na6 10. Bc4 Nc7 11. O-O b5 12. Nxb5 Nxb5 13. Bxb5 Rb8 14. Bc4 Ne4 15.
Bd3 Re8 16. b3 Nc3 17. Qd2 Nxd5 18. Bg5 Qc7 19. Rac1 Bb7 20. Bb5 Rf8 21. Rfd1
Nxe3 22. Bxe3 Bxf3 23. gxf3 Rxb5 24. Qxd6 Qb7 25. Qd7 Bd4 26. Qxb7 Rxb7 27.
Bxd4 cxd4 28. Rxd4 Re8 29. Rcd1 Re2 30. R4d2 Ree7 31. Rd4 Re2 32. R4d2 Ree7 33.
Rd4 Re2 34. R4d2 1/2-1/2

[Event "Championnat de France - Accession"]
[Site "PAU"]
[Date "2012.08.23"]
[Round "9.2"]
[White "Bricard, Emmanuel"]
[Black "Prie, Eric"]
[Result "1/2-1/2"]
[WhiteElo "2489"]
[BlackElo "2516"]
[Annotator "Rivier,Sylvain"]
[PlyCount "104"]

1. f4 d5 2. e3 Bf5 3. Nf3 e6 4. g3 h5 5. d3 h4 6. Nxh4 Rxh4 7. gxh4 Qxh4+ 8.
Kd2 d4 9. Qe1 dxe3+ 10. Kd1 Qf6 11. Nc3 Nc6 12. Bxe3 O-O-O 13. Kc1 Nge7 14. a3
g6 15. Qg3 Qh8 16. Bd2 Bg7 17. Rb1 Nd4 18. Bg2 Rd6 19. Re1 Bf6 20. Ne4 Rc6 21.
Bc3 Nb3+ 22. Kd1 Bxc3 23. Nxc3 Rd6 24. Ne4 Bxe4 25. Rxe4 Nd4 26. h3 Qh5+ 27.
Kd2 Qc5 28. c3 Nef5 29. Qe1 Nb3+ 30. Ke2 Qd5 31. d4 c5 32. Kf1 Qc4+ 33. Kg1
cxd4 34. cxd4 Kb8 35. Kh1 Nbxd4 36. Rc1 Qb3 37. Re5 Nf3 38. Rec5 a6 39. Qf2
N3d4 40. Rc8+ Ka7 41. R8c7 Rb6 42. Rxf7 e5 43. Rcc7 e4 44. Bxe4 Qxh3+ 45. Kg1
Qg4+ 46. Bg2 Qd1+ 47. Qf1 Ne2+ 48. Kf2 Qd5 49. Ke1 Nd6 50. Qxe2 Nxf7 51. Rxf7
Rxb2 52. Qxb2 {suite illisible} Qxf7 1/2-1/2